1453 1887 1928 1168 1414 1823 1938 1272 1544 1066 1866 1268 1025 1256 1940 1707 1041 1810 1130 1149 1965 1965 1167 1130 1381 1316 1314 1709 1986 1877 1915 1317 1177 1925 1105 1853 1046 1973 1053 1925 1300 1682 1827 1955 1356 1738 1416 1227 1182 1902 1226 1359 1571 1486 1435 1059 1653 1350 1132 1291 1136 1760 1084 1145 1138 1556 1802 1637 1245 1998 1534 1416 1799 1666 1071 1420 1988 1761 1166 1339 1954 1669 1809 1127 1429 1735 1181 1149 1918 1911 1774 1196 1510 1834 1863 1982 1067 1571 1957 BCNSPRNW ULIB Ver.6.0+V

เปลี่ยนเป็นภาษาไทย

Change to English
 แสดงรายละเอียดบรรณานุกรม
  กลับหน้าหลัก

Brief Record : Get Marc (ISO 2709) : E-mail record : QR code < ปิดหน้าต่าง
LEADER : 00000nam 2200000uu 4500
001    13399107956
003     ULIB
008    110211s2543||||th 000 0 tha d
020    9746112813(ล.2)
060  4 WA546^bม246ส ล.2 2543
110 1  มหาวิทยาลัยสุโขทัยธรรมาธิราช^bสาขาวิชาวิทยาศาสตร์สุขภาพ
245 00 เอกสารการสอนชุดวิชา สุขภาพส่วนบุคคลและชุมชน หน่วยที่ 8-15=^bPersonal and community health/^cประธาน สมทรง อินสว่าง
246 31 Personal and community health
250    พิมพ์ครั้งที่ 12
260    นนทบุรี:^bศูนย์หนังสือมหาวิทยาลัยสุโขทัยธรรมาธิราช,^c2543
300    598 หน้า
650  7 อนามัยชุมชน
650  7 โรค^xการป้องกันและรักษา
700 0  กิตติ วัฒนกุล,^eบรรณาธิการ
710 2  มหาวิทยาลัยสุโขทัยธรรมาธิราช^bสาขาวิชาวิทยาศาสตร์สุขภาพ
945    ^p264^l0^i022854
945    ^p264^l0^i022852
945    ^p264^l0^i022851
945    ^p264^l0^i022850
945    ^p264^l0^i022849
945    ^p264^l0^i022848
945    ^p264^l0^i022853
995    ทศพร
999 ^a ใช้งานได้ทุกระบบ
รายการนี้ยังไม่มีแท็ก
คุณยังไม่ได้ล็อกอิน คุณสามารถมีกิจกรรมร่วมกับเว็บไซต์ได้ แต่ต้องล็อกอินก่อน ::
  ล็อกอิน

รายการสื่อสารสนเทศ

ลำดับที่ ประเภท เลขเรียก/บาร์โค้ด สถานที่ สถานะ
- ไม่พบข้อมูล -

รายการใกล้เคียง
    หัวเรื่อง [อนามัยชุมชน]

BibComment


ยังไม่เคยถูกคอมเมนท์

คอมเมนท์ทรัพยากรรายการนี้
  คอมเมนท์: เอกสารการสอนชุดวิ..


 Copyright 2026. Bcnsprnw @Library